LEADER 01340nam a2200253 4500 001 000000356586 003 CaOOAMICUS 005 20231222080937.0 008 231222s1834 it a 000 u ita r 040 $aSeMil$bita 100 11$aVisconti, Ennio Quirino,$d<1751-1818>.$0(OLS)http://semarc/name/40664 245 10$aMuseo Worslejano /$c[descritto e illustrato da Ennio Quirino Visconti ; pubblicato per cura di Giovanni Labus]. 264 1$aMilano :$bSocietà tipogr. de' Classici italiani,$c1834. 300 $aXXXIX, 191 p. : ill. , 79 carte di tav. delle quali 70 ripieg. :$bill. ;$c23 cm 650 4$aScultura - Collezioni.$0(OLS)http://semarc/subject/54876 650 4$aGioielli - Collezioni.$0(OLS)http://semarc/subject/54874 650 4$aCollezione d'arte Richard Worsley.$0(OLS)http://semarc/subject/54875 700 1 $aLabus, Giovanni,$d<1775-1853>.$0(OLS)http://semarc/name/8356 850 $aSeMil 852 $aSeMil$W1$xVenegono$y1$m3W IV 116 FA$j245251$B247742$CSeMilBibl$Z2$F247742 $8I 856 42$uhttp://books.google.it/books?id=by4C6kYT3wIC&printsec=frontcover&hl=it&source=gbs_ge_summary_r&cad=0#v=onepage&q&f=false 996 $6245$aMuseo Worslejano$9(OLS)http://semarc/title/446846 996 $6264$aMilano :$bSocietà tipogr. de' Classici italiani$9(OLS)http://semarc/publisher/37332 LEADER 01091nam a2200229 i 4500 001 000000216883 003 CaOOAMICUS 005 20121113000000.0 008 121113s1929 it u000 u ita u 013 $a195779 040 $aSeMil$bita 100 1 $aSevesi, Paolo Maria,$c.$0(OLS)http://semarc/name/10050 245 13$aLe origini del Monastero ambrosiano di S. Maria sopra il Monte di Varese e il Beato Bernardino Caimi da Milano /$cPaolo M. Sevesi. 260 $aFirenze :$bVallecchi,$c1929. 300 $a103 p. ;$c25 cm. 500 $aEstr. da: Studi francescani, anno 14., n. 4. 600 14$aCaimi, Bernardino .$0(OLS)http://semarc/subject/40291 650 4$aVarese - Sacro Monte.$0(OLS)http://semarc/subject/7250 850 $aSeMil 852 $aSeMil$W1$xVenegono$y1$m3O III 11$j167299$B167299$CSeMilBibl$Z2$F178090 $81 996 $6245$aLe origini del Monastero ambrosiano di S. Maria sopra il Monte di Varese e il Beato Bernardino Caimi da Milano$9(OLS)http://semarc/title/311755 996 $6260$aFirenze :$bVallecchi$9(OLS)http://semarc/publisher/29768